MARC details
| 000 -LEADER |
| fixed length control field |
03990cam a22005894a 4500 |
| 001 - CONTROL NUMBER |
| control field |
ocm61200757 |
| 003 - CONTROL NUMBER IDENTIFIER |
| control field |
TZ-ArACH |
| 005 - DATE AND TIME OF LATEST TRANSACTION |
| control field |
20110421100539.0 |
| 008 - FIXED-LENGTH DATA ELEMENTS--GENERAL INFORMATION |
| fixed length control field |
050727s2005 ne b b 101 0 eng |
| 010 ## - LIBRARY OF CONGRESS CONTROL NUMBER |
| LC control number |
2005050842 |
| 015 ## - NATIONAL BIBLIOGRAPHY NUMBER |
| National bibliography number |
GBA580520 |
| Source |
bnb |
| 016 7# - NATIONAL BIBLIOGRAPHIC AGENCY CONTROL NUMBER |
| Record control number |
013297645 |
| Source |
Uk |
| 016 ## - NATIONAL BIBLIOGRAPHIC AGENCY CONTROL NUMBER |
| Record control number |
B0516320 |
| Source |
bccb |
| 020 ## - INTERNATIONAL STANDARD BOOK NUMBER |
| International Standard Book Number |
9789004147805 (pbk : alk. paper) |
| 035 ## - SYSTEM CONTROL NUMBER |
| System control number |
(OCoLC)61200757 |
| 040 ## - CATALOGING SOURCE |
| Original cataloging agency |
DLC |
| Transcribing agency |
TZ-ArACH |
| Modifying agency |
YDX |
| -- |
BAKER |
| -- |
UKM |
| -- |
OHX |
| -- |
MBB |
| -- |
ZYF |
| -- |
NLGGC |
| -- |
PUL |
| -- |
YDXCP |
| -- |
BTCTA |
| -- |
LVB |
| -- |
OCLCG |
| -- |
IG# |
| -- |
HEBIS |
| 041 ## - LANGUAGE CODE |
| Language code of text/sound track or separate title |
eng |
| 042 ## - AUTHENTICATION CODE |
| Authentication code |
pcc |
| 043 ## - GEOGRAPHIC AREA CODE |
| Geographic area code |
f------ |
| 049 ## - LOCAL HOLDINGS (OCLC) |
| Holding library |
TZAA |
| 050 00 - LIBRARY OF CONGRESS CALL NUMBER |
| Classification number |
HD966 |
| Item number |
.C66 2005 |
| 245 00 - TITLE STATEMENT |
| Title |
Competing jurisdictions : |
| Remainder of title |
settling land claims in Africa / |
| Statement of responsibility, etc |
edited by Sandra Evers, Marja Spierenburg, Harry Wels. |
| 260 ## - PUBLICATION, DISTRIBUTION, ETC. (IMPRINT) |
| Place of publication, distribution, etc |
Leiden ; |
| -- |
Boston : |
| Name of publisher, distributor, etc |
Brill, |
| Date of publication, distribution, etc |
2005. |
| 300 ## - PHYSICAL DESCRIPTION |
| Extent |
363 p. : |
| Other physical details |
map ; |
| Dimensions |
24 cm. |
| 490 1# - SERIES STATEMENT |
| Series statement |
Afrika-Studiecentrum series, |
| International Standard Serial Number |
1570-9310 ; |
| Volume number/sequential designation |
v. 6 |
| 500 ## - GENERAL NOTE |
| General note |
Selected papers from a conference held in September 2003 at the Vrije Universiteit Amsterdam. |
| 504 ## - BIBLIOGRAPHY, ETC. NOTE |
| Bibliography, etc |
Includes bibliographical references and index. |
| 505 0# - FORMATTED CONTENTS NOTE |
| Formatted contents note |
Communal tenure from above and from below. Land rights, authority and livelihoods in rural South Africa / Ben Cousins, Aninka Claassens -- Land tenure reform in South Africa : a focus on the Moravian Church land in the Western Cape / Lungisile Ntsebeza -- Contestation, confusion and corruption : market-based land reform in Zambia / Taylor Brown -- We fought the war to return to the old ways. Conflicts about land reforms in Dande, Northern Zimbabwe / Marja Spierenburg -- Fractionating local leadership : created authority and management of state land in Zimbabwe / Bill Kinsey -- First-comers and late-comers : the role of narratives in land claims / Carola Lentz -- State formation, access to the commons and autochthony among the Berbers of the Middle Atlas, Morocco / Bernhard Venema -- Land and the politics of identity. The case of Anywaa-Nuer relations in the Gambella region / Dereje Feyissa -- Trumping the ancestors : the challenges of implementing a land registration system in Madagascar / Sandra Evers -- The struggle for land rights in the context of multiple normative orders in Tanzania / Rie Odgaard -- Traditional additional authorities in Uganda and the management of legislatively decentralised forest resources / Frank Muhereza -- Participative approaches and decentralized management of the Samori forest in the Baye municipality, Mopti region (Mali) / Bréhima Kassibo -- Insiders out : forest access through village chiefs in Senegal / Sagana Thiaw, Jesse Ribot -- Fighting over crumbs? Small valleys in West Africa as a new locus of land / Mayke Kaag. |
| 650 #0 - SUBJECT ADDED ENTRY--TOPICAL TERM |
| Topical term or geographic name as entry element |
Land tenure |
| Geographic subdivision |
Africa |
| Form subdivision |
Congresses. |
| 9 (RLIN) |
660 |
| 650 #0 - SUBJECT ADDED ENTRY--TOPICAL TERM |
| Topical term or geographic name as entry element |
Land reform |
| Geographic subdivision |
Africa |
| Form subdivision |
Congresses. |
| 9 (RLIN) |
661 |
| 650 #0 - SUBJECT ADDED ENTRY--TOPICAL TERM |
| Topical term or geographic name as entry element |
Land use, Rural |
| General subdivision |
Government policy |
| Geographic subdivision |
Africa. |
| 9 (RLIN) |
662 |
| 650 #0 - SUBJECT ADDED ENTRY--TOPICAL TERM |
| Topical term or geographic name as entry element |
Right of property |
| Geographic subdivision |
Africa |
| Form subdivision |
Congresses. |
| 9 (RLIN) |
663 |
| 650 #0 - SUBJECT ADDED ENTRY--TOPICAL TERM |
| Topical term or geographic name as entry element |
Land titles |
| Geographic subdivision |
Africa |
| Form subdivision |
Congresses. |
| 9 (RLIN) |
664 |
| 650 #0 - SUBJECT ADDED ENTRY--TOPICAL TERM |
| Topical term or geographic name as entry element |
Commons |
| Geographic subdivision |
Africa |
| Form subdivision |
Congresses. |
| 9 (RLIN) |
665 |
| 650 #6 - SUBJECT ADDED ENTRY--TOPICAL TERM |
| Topical term or geographic name as entry element |
Propriété foncière |
| Geographic subdivision |
Afrique |
| Form subdivision |
Congrès. |
| 9 (RLIN) |
666 |
| 650 #6 - SUBJECT ADDED ENTRY--TOPICAL TERM |
| Topical term or geographic name as entry element |
Réforme agraire |
| Geographic subdivision |
Afrique |
| Form subdivision |
Congrès. |
| 9 (RLIN) |
667 |
| 650 #6 - SUBJECT ADDED ENTRY--TOPICAL TERM |
| Topical term or geographic name as entry element |
Sol, Utilisation agricole du |
| General subdivision |
Politique gouvernementale |
| Geographic subdivision |
Afrique |
| Form subdivision |
Congrès. |
| 9 (RLIN) |
668 |
| 650 #6 - SUBJECT ADDED ENTRY--TOPICAL TERM |
| Topical term or geographic name as entry element |
Droit de propriété |
| Geographic subdivision |
Afrique |
| Form subdivision |
Congrès. |
| 9 (RLIN) |
669 |
| 650 #6 - SUBJECT ADDED ENTRY--TOPICAL TERM |
| Topical term or geographic name as entry element |
Titres de propriété |
| Geographic subdivision |
Afrique |
| Form subdivision |
Congrès. |
| 9 (RLIN) |
670 |
| 650 #6 - SUBJECT ADDED ENTRY--TOPICAL TERM |
| Topical term or geographic name as entry element |
Communaux |
| Geographic subdivision |
Afrique |
| Form subdivision |
Congrès. |
| 9 (RLIN) |
671 |
| 650 07 - SUBJECT ADDED ENTRY--TOPICAL TERM |
| Topical term or geographic name as entry element |
Bodenrecht. |
| Source of heading or term |
swd |
| 9 (RLIN) |
672 |
| 650 07 - SUBJECT ADDED ENTRY--TOPICAL TERM |
| Topical term or geographic name as entry element |
Bodenreform. |
| Source of heading or term |
swd |
| 9 (RLIN) |
673 |
| 651 #7 - SUBJECT ADDED ENTRY--GEOGRAPHIC NAME |
| Geographic name |
Afrika. |
| Source of heading or term |
swd |
| 9 (RLIN) |
674 |
| 651 #7 - SUBJECT ADDED ENTRY--GEOGRAPHIC NAME |
| Geographic name |
Amsterdam <2003> |
| Source of heading or term |
swd |
| 9 (RLIN) |
675 |
| 700 1# - ADDED ENTRY--PERSONAL NAME |
| Personal name |
Evers, Sandra. |
| 9 (RLIN) |
676 |
| 700 1# - ADDED ENTRY--PERSONAL NAME |
| Personal name |
Spierenburg, Marja. |
| 9 (RLIN) |
677 |
| 700 1# - ADDED ENTRY--PERSONAL NAME |
| Personal name |
Wels, Harry, |
| Dates associated with a name |
1961- |
| 9 (RLIN) |
678 |
| 776 08 - ADDITIONAL PHYSICAL FORM ENTRY |
| Display text |
Online version: |
| Title |
Competing jurisdictions. |
| Place, publisher, and date of publication |
Leiden ; Boston : Brill, 2005 |
| Record control number |
(OCoLC)654669048 |
| 830 #0 - SERIES ADDED ENTRY--UNIFORM TITLE |
| Uniform title |
Afrika-Studiecentrum series ; |
| Volume number/sequential designation |
v. 6. |
| 9 (RLIN) |
679 |
| 942 ## - ADDED ENTRY ELEMENTS (KOHA) |
| Source of classification or shelving scheme |
Library of Congress Classification |
| Koha item type |
Books |